[Event "DVM U14 2023"]
[Site "Magdeburg GER"]
[Date "2023.12.28"]
[Round "3"]
[White "Stettner, Oskar"]
[Black "Merenda, Lukas-Benedikt"]
[Result "0-1"]
[Termination "normal"]
[Board "3.3"]
[WhiteElo "1393"]
[BlackElo "1707"]
[WhiteClock "00:29:12"]
[BlackClock "00:32:30"]
[WhiteTeam "TSG Oberschöneweide"]
[BlackTeam "SF München"]
[PlyCount "88"]
[WhiteFideId "34617035"]
[BlackFideId "34603336"]
[EventCountry "GER"]
[EventRounds "7"]
[EventType "team-swiss"]
[EventDate "2023.12.26"]

1. e4 {[%clk 01:30:58]} {[%emt 00:00:01]} c5 {[%clk 01:30:56]} {[%emt
00:00:04]} 2. d3 {[%clk 01:31:24]} {[%emt 00:00:05]} Nc6 {[%clk 01:29:13]}
{[%emt 00:02:12]} 3. f4 {[%clk 01:24:51]} {[%emt 00:07:03]} g6 {[%clk
01:27:45]} {[%emt 00:01:58]} 4. Nf3 {[%clk 01:23:24]} {[%emt 00:01:57]} Bg7
{[%clk 01:28:00]} {[%emt 00:00:16]} 5. Be2 {[%clk 01:23:26]} {[%emt 00:00:28]}
e6 {[%clk 01:28:03]} {[%emt 00:00:26]} 6. c3 {[%clk 01:23:37]} {[%emt
00:00:20]} Nge7 {[%clk 01:26:02]} {[%emt 00:02:30]} 7. O-O {[%clk 01:23:57]}
{[%emt 00:00:11]} O-O {[%clk 01:24:16]} {[%emt 00:02:16]} 8. Nbd2 {[%clk
01:23:03]} {[%emt 00:01:24]} d5 {[%clk 01:22:28]} {[%emt 00:02:17]} 9. Qe1
{[%clk 01:23:25]} {[%emt 00:00:09]} Bd7 {[%clk 01:12:23]} {[%emt 00:10:34]} 10.
Qh4 {[%clk 01:21:05]} {[%emt 00:02:49]} h6 {[%clk 00:56:17]} {[%emt 00:16:37]}
11. g4 {[%clk 01:16:45]} {[%emt 00:04:50]} f6 {[%clk 00:51:59]} {[%emt
00:04:47]} 12. Kh1 {[%clk 01:00:27]} {[%emt 00:16:49]} g5 {[%clk 00:47:41]}
{[%emt 00:04:49]} 13. fxg5 {[%clk 00:44:55]} {[%emt 00:16:01]} fxg5 {[%clk
00:46:53]} {[%emt 00:01:18]} 14. Qg3 {[%clk 00:45:12]} {[%emt 00:00:12]} Ng6
{[%clk 00:46:25]} {[%emt 00:00:58]} 15. Nb3 {[%clk 00:42:13]} {[%emt 00:03:30]}
b6 {[%clk 00:43:12]} {[%emt 00:03:44]} 16. Be3 {[%clk 00:38:53]} {[%emt
00:03:49]} Qe7 {[%clk 00:39:20]} {[%emt 00:04:21]} 17. Rae1 {[%clk 00:35:32]}
{[%emt 00:03:52]} Rae8 {[%clk 00:34:38]} {[%emt 00:05:12]} 18. Bd1 {[%clk
00:34:29]} {[%emt 00:01:33]} Qd8 {[%clk 00:31:00]} {[%emt 00:04:07]} 19. Bc2
{[%clk 00:32:31]} {[%emt 00:02:28]} dxe4 {[%clk 00:29:03]} {[%emt 00:02:28]}
20. d4 {[%clk 00:29:12]} {[%emt 00:03:49]} Nce7 {[%clk 00:19:17]} {[%emt
00:10:15]} 21. Bxe4 {[%clk 00:28:10]} {[%emt 00:01:33]} c4 {[%clk 00:19:12]}
{[%emt 00:00:35]} 22. Nbd2 {[%clk 00:28:15]} {[%emt 00:00:25]} b5 {[%clk
00:18:48]} {[%emt 00:00:54]} 23. h4 {[%clk 00:23:07]} {[%emt 00:05:39]} gxh4
{[%clk 00:17:53]} {[%emt 00:01:26]} 24. Nxh4 {[%clk 00:23:29]} {[%emt
00:00:07]} Nxh4 {[%clk 00:18:19]} {[%emt 00:00:03]} 25. Qxh4 {[%clk 00:23:55]}
{[%emt 00:00:04]} Rxf1+ {[%clk 00:18:10]} {[%emt 00:00:39]} 26. Rxf1 {[%clk
00:24:02]} {[%emt 00:00:23]} Nd5 {[%clk 00:17:53]} {[%emt 00:00:47]} 27. Qxd8
{[%clk 00:17:36]} {[%emt 00:06:55]} Rxd8 {[%clk 00:18:10]} {[%emt 00:00:14]}
28. Bg1 {[%clk 00:16:46]} {[%emt 00:01:19]} Rc8 {[%clk 00:15:43]} {[%emt
00:02:58]} 29. Bg6 {[%clk 00:16:06]} {[%emt 00:01:10]} a5 {[%clk 00:13:40]}
{[%emt 00:02:33]} 30. Ne4 {[%clk 00:15:27]} {[%emt 00:01:09]} Rf8 {[%clk
00:12:59]} {[%emt 00:01:11]} 31. Rxf8+ {[%clk 00:14:12]} {[%emt 00:01:45]} Bxf8
{[%clk 00:11:50]} {[%emt 00:01:39]} 32. Bh2 {[%clk 00:13:57]} {[%emt 00:00:45]}
Bc6 {[%clk 00:10:50]} {[%emt 00:01:30]} 33. Nd2 {[%clk 00:02:14]} {[%emt
00:12:13]} Nxc3+ {[%clk 00:08:47]} {[%emt 00:02:33]} 34. Kg1 {[%clk 00:02:43]}
{[%emt 00:00:01]} Nxa2 {[%clk 00:09:03]} {[%emt 00:00:13]} 35. Kf2 {[%clk
00:02:33]} {[%emt 00:00:41]} Bg7 {[%clk 00:05:06]} {[%emt 00:04:27]} 36. Ke3
{[%clk 00:01:45]} {[%emt 00:01:18]} Nb4 {[%clk 00:04:44]} {[%emt 00:00:52]} 37.
Be5 {[%clk 00:01:19]} {[%emt 00:00:55]} Nd5+ {[%clk 00:04:51]} {[%emt
00:00:23]} 38. Kf2 {[%clk 00:01:31]} {[%emt 00:00:19]} Bxe5 {[%clk 00:04:57]}
{[%emt 00:00:24]} 39. dxe5 {[%clk 00:02:00]} {[%emt 00:00:01]} a4 {[%clk
00:04:02]} {[%emt 00:01:26]} 40. Ke1 {[%clk 00:00:43]} {[%emt 00:01:46]} c3
{[%clk 00:01:16]} {[%emt 00:03:16]} 41. bxc3 {[%clk 00:29:17]} {[%emt
00:01:57]} Nxc3 {[%clk 00:31:37]} {[%emt 00:00:09]} 42. Nb1 {[%clk 00:29:16]}
{[%emt 00:00:30]} Nxb1 {[%clk 00:31:41]} {[%emt 00:00:26]} 43. Bxb1 {[%clk
00:29:44]} {[%emt 00:00:02]} Bd5 {[%clk 00:32:05]} {[%emt 00:00:05]} 44. Kd2
{[%clk 00:29:12]} {[%emt 00:01:03]} a3 {[%clk 00:32:30]} {[%emt 00:00:06]} 0-1

[Event "DVM U14 2023"]
[Site "Magdeburg GER"]
[Date "2023.12.28"]
[Round "3"]
[White "Fedorov, Matvei"]
[Black "Schaudienst, Arvid"]
[Result "1-0"]
[Termination "normal"]
[Board "3.4"]
[WhiteElo "1221"]
[BlackElo "1503"]
[WhiteClock "00:58:37"]
[BlackClock "00:09:00"]
[WhiteTeam "SF München"]
[BlackTeam "TSG Oberschöneweide"]
[PlyCount "49"]
[WhiteFideId "34393480"]
[BlackFideId "16266943"]
[EventCountry "GER"]
[EventRounds "7"]
[EventType "team-swiss"]
[EventDate "2023.12.26"]

1. e4 {[%clk 01:30:58]} {[%emt 00:00:02]} c5 {[%clk 01:30:53]} {[%emt
00:00:07]} 2. Nc3 {[%clk 01:31:12]} {[%emt 00:00:15]} Nc6 {[%clk 01:30:58]}
{[%emt 00:00:25]} 3. g3 {[%clk 01:31:22]} {[%emt 00:00:20]} g6 {[%clk
01:31:12]} {[%emt 00:00:16]} 4. Bg2 {[%clk 01:31:47]} {[%emt 00:00:06]} Bg7
{[%clk 01:31:32]} {[%emt 00:00:10]} 5. Nge2 {[%clk 01:31:47]} {[%emt 00:00:29]}
e6 {[%clk 01:30:57]} {[%emt 00:01:05]} 6. d3 {[%clk 01:31:53]} {[%emt
00:00:25]} Nge7 {[%clk 01:31:12]} {[%emt 00:00:15]} 7. Be3 {[%clk 01:31:18]}
{[%emt 00:01:05]} Nd4 {[%clk 01:17:43]} {[%emt 00:13:57]} 8. h4 {[%clk
01:23:43]} {[%emt 00:08:07]} h5 {[%clk 01:14:35]} {[%emt 00:03:37]} 9. O-O
{[%clk 01:23:11]} {[%emt 00:01:03]} Nec6 {[%clk 01:12:49]} {[%emt 00:02:16]}
10. f4 {[%clk 01:21:49]} {[%emt 00:01:52]} d6 {[%clk 01:10:59]} {[%emt
00:02:19]} 11. Rb1 {[%clk 01:20:20]} {[%emt 00:01:59]} O-O {[%clk 01:06:13]}
{[%emt 00:05:16]} 12. Kh2 {[%clk 01:16:14]} {[%emt 00:04:36]} Nb4 {[%clk
01:01:11]} {[%emt 00:05:32]} 13. Rc1 {[%clk 01:12:12]} {[%emt 00:04:32]} Nxe2
{[%clk 00:57:41]} {[%emt 00:04:00]} 14. Qxe2 {[%clk 01:12:02]} {[%emt
00:00:40]} Bxc3 {[%clk 00:57:39]} {[%emt 00:00:32]} 15. bxc3 {[%clk 01:12:24]}
{[%emt 00:00:08]} Nxa2 {[%clk 00:57:42]} {[%emt 00:00:27]} 16. Rce1 {[%clk
01:11:16]} {[%emt 00:01:38]} Nxc3 {[%clk 00:55:57]} {[%emt 00:02:15]} 17. Qf3
{[%clk 01:10:06]} {[%emt 00:01:40]} Qc7 {[%clk 00:49:46]} {[%emt 00:06:41]} 18.
g4 {[%clk 01:09:06]} {[%emt 00:01:30]} hxg4 {[%clk 00:35:39]} {[%emt 00:14:38]}
19. Qxg4 {[%clk 01:09:11]} {[%emt 00:00:24]} Kg7 {[%clk 00:31:07]} {[%emt
00:05:02]} 20. f5 {[%clk 01:05:25]} {[%emt 00:04:16]} exf5 {[%clk 00:29:11]}
{[%emt 00:02:26]} 21. exf5 {[%clk 01:05:21]} {[%emt 00:00:35]} Rh8 {[%clk
00:17:15]} {[%emt 00:12:25]} 22. Bg5 {[%clk 00:58:02]} {[%emt 00:07:49]} Bxf5
{[%clk 00:10:16]} {[%emt 00:07:29]} 23. Rxf5 {[%clk 00:58:10]} {[%emt
00:00:22]} gxf5 {[%clk 00:10:22]} {[%emt 00:00:24]} 24. Bf6+ {[%clk 00:58:12]}
{[%emt 00:00:28]} Kxf6 {[%clk 00:09:00]} {[%emt 00:01:52]} 25. Qg5# {[%clk
00:58:37]} {[%emt 00:00:06]} 1-0

[Event "DVM U14 2023"]
[Site "Magdeburg GER"]
[Date "2023.12.28"]
[Round "3"]
[White "Klein, Levent"]
[Black "Fruth, David"]
[Result "1/2-1/2"]
[Termination "normal"]
[Board "4.1"]
[WhiteElo "1735"]
[BlackElo "1881"]
[WhiteClock "00:16:47"]
[BlackClock "00:49:19"]
[WhiteTeam "SG Kaiserslautern 1905"]
[BlackTeam "USV TU Dresden"]
[PlyCount "47"]
[WhiteFideId "34611274"]
[BlackFideId "16257596"]
[EventCountry "GER"]
[EventRounds "7"]
[EventType "team-swiss"]
[EventDate "2023.12.26"]

1. d4 {[%clk 01:30:57]} {[%emt 00:00:02]} Nf6 {[%clk 01:30:56]} {[%emt
00:00:04]} 2. c4 {[%clk 01:31:06]} {[%emt 00:00:21]} g6 {[%clk 01:31:24]}
{[%emt 00:00:03]} 3. Nc3 {[%clk 01:31:25]} {[%emt 00:00:10]} Bg7 {[%clk
01:31:52]} {[%emt 00:00:02]} 4. e4 {[%clk 01:31:33]} {[%emt 00:00:22]} d6
{[%clk 01:32:20]} {[%emt 00:00:02]} 5. Nf3 {[%clk 01:29:41]} {[%emt 00:02:22]}
O-O {[%clk 01:32:42]} {[%emt 00:00:07]} 6. Be2 {[%clk 01:30:06]} {[%emt
00:00:05]} e5 {[%clk 01:31:51]} {[%emt 00:01:21]} 7. O-O {[%clk 01:26:10]}
{[%emt 00:04:27]} Nc6 {[%clk 01:31:32]} {[%emt 00:00:49]} 8. d5 {[%clk
01:16:21]} {[%emt 00:10:18]} Ne7 {[%clk 01:31:49]} {[%emt 00:00:13]} 9. h3
{[%clk 01:09:42]} {[%emt 00:07:10]} Ne8 {[%clk 01:31:07]} {[%emt 00:01:12]} 10.
g4 {[%clk 00:58:15]} {[%emt 00:11:57]} f5 {[%clk 01:28:33]} {[%emt 00:03:04]}
11. gxf5 {[%clk 00:46:31]} {[%emt 00:12:14]} gxf5 {[%clk 01:28:58]} {[%emt
00:00:06]} 12. exf5 {[%clk 00:46:35]} {[%emt 00:00:26]} Bxf5 {[%clk 01:28:52]}
{[%emt 00:00:35]} 13. Bd3 {[%clk 00:46:14]} {[%emt 00:00:51]} Qd7 {[%clk
01:22:31]} {[%emt 00:06:52]} 14. Ng5 {[%clk 00:39:51]} {[%emt 00:06:52]} h6
{[%clk 01:13:58]} {[%emt 00:09:04]} 15. Bxf5 {[%clk 00:37:12]} {[%emt
00:03:09]} Qxf5 {[%clk 01:13:50]} {[%emt 00:00:38]} 16. Ne6 {[%clk 00:37:18]}
{[%emt 00:00:23]} Qxh3 {[%clk 01:05:35]} {[%emt 00:08:45]} 17. Nxf8 {[%clk
00:36:14]} {[%emt 00:01:34]} Nf6 {[%clk 01:02:59]} {[%emt 00:03:06]} 18. Qe2
{[%clk 00:35:42]} {[%emt 00:01:02]} Rxf8 {[%clk 01:01:01]} {[%emt 00:02:28]}
19. f3 {[%clk 00:33:45]} {[%emt 00:02:27]} Nh5 {[%clk 00:56:42]} {[%emt
00:04:49]} 20. Qg2 {[%clk 00:32:06]} {[%emt 00:02:00]} Qd7 {[%clk 00:56:39]}
{[%emt 00:00:42]} 21. Qg4 {[%clk 00:31:45]} {[%emt 00:00:51]} Qe8 {[%clk
00:52:47]} {[%emt 00:04:21]} 22. Ne4 {[%clk 00:27:29]} {[%emt 00:04:47]} Nf4
{[%clk 00:50:36]} {[%emt 00:02:41]} 23. Kh2 {[%clk 00:16:59]} {[%emt 00:10:59]}
Kh7 {[%clk 00:49:19]} 24. Rg1 {[%clk 00:16:47]} {[%emt 00:02:29]} 1/2-1/2

[Event "DVM U14 2023"]
[Site "Magdeburg GER"]
[Date "2023.12.28"]
[Round "3"]
[White "Klein, Deniz"]
[Black "Ellinger, Maximilian"]
[Result "0-1"]
[Termination "normal"]
[Board "4.3"]
[WhiteElo "1612"]
[BlackElo "1654"]
[WhiteClock "00:07:27"]
[BlackClock "00:49:19"]
[WhiteTeam "SG Kaiserslautern 1905"]
[BlackTeam "USV TU Dresden"]
[PlyCount "132"]
[WhiteFideId "34611282"]
[BlackFideId "34631003"]
[EventCountry "GER"]
[EventRounds "7"]
[EventType "team-swiss"]
[EventDate "2023.12.26"]

1. c4 {[%clk 01:30:57]} {[%emt 00:00:03]} c5 {[%clk 01:30:52]} {[%emt
00:00:08]} 2. g3 {[%clk 01:31:20]} {[%emt 00:00:07]} Nf6 {[%clk 01:31:12]}
{[%emt 00:00:10]} 3. Bg2 {[%clk 01:31:43]} {[%emt 00:00:07]} d5 {[%clk
01:31:26]} {[%emt 00:00:16]} 4. cxd5 {[%clk 01:31:11]} {[%emt 00:01:02]} Nxd5
{[%clk 01:31:49]} {[%emt 00:00:07]} 5. Nc3 {[%clk 01:31:32]} {[%emt 00:00:09]}
Nc7 {[%clk 01:31:49]} {[%emt 00:00:30]} 6. Nf3 {[%clk 01:31:14]} {[%emt
00:00:48]} Nc6 {[%clk 01:32:01]} {[%emt 00:00:18]} 7. O-O {[%clk 01:30:53]}
{[%emt 00:00:51]} e5 {[%clk 01:31:48]} {[%emt 00:00:43]} 8. d3 {[%clk
01:29:19]} {[%emt 00:02:04]} Be7 {[%clk 01:31:22]} {[%emt 00:00:55]} 9. Bd2
{[%clk 01:26:47]} {[%emt 00:03:03]} Bd7 {[%clk 01:29:49]} {[%emt 00:02:03]} 10.
Rc1 {[%clk 01:24:30]} {[%emt 00:02:46]} Rc8 {[%clk 01:28:52]} {[%emt 00:01:28]}
11. a3 {[%clk 01:16:09]} {[%emt 00:08:52]} O-O {[%clk 01:27:04]} {[%emt
00:02:17]} 12. Ne4 {[%clk 01:10:14]} {[%emt 00:06:24]} Ne6 {[%clk 01:17:10]}
{[%emt 00:10:24]} 13. Be3 {[%clk 01:06:41]} {[%emt 00:04:03]} b6 {[%clk
01:15:36]} {[%emt 00:02:05]} 14. Nc3 {[%clk 00:54:26]} {[%emt 00:12:44]} Kh8
{[%clk 01:12:19]} {[%emt 00:03:49]} 15. Nd5 {[%clk 00:46:43]} {[%emt 00:08:11]}
f6 {[%clk 01:11:02]} {[%emt 00:01:47]} 16. Ne1 {[%clk 00:44:21]} {[%emt
00:02:52]} Bd6 {[%clk 01:06:30]} {[%emt 00:05:02]} 17. Bd2 {[%clk 00:39:52]}
{[%emt 00:04:58]} Nc7 {[%clk 01:00:17]} {[%emt 00:06:44]} 18. Nxc7 {[%emt
00:01:47]} Rxc7 {[%clk 00:59:24]} {[%emt 00:00:30]} 19. Nc2 {[%clk 00:38:18]}
{[%emt 00:01:40]} Nd4 {[%clk 00:53:34]} {[%emt 00:06:19]} 20. Ne3 {[%clk
00:30:20]} {[%emt 00:08:29]} Rc8 {[%clk 00:47:36]} {[%emt 00:06:28]} 21. Nd5
{[%clk 00:26:31]} {[%emt 00:04:18]} Bc6 {[%clk 00:44:06]} {[%emt 00:04:01]} 22.
e3 {[%clk 00:23:00]} {[%emt 00:04:01]} Nf5 {[%clk 00:43:09]} {[%emt 00:01:27]}
23. Bh3 {[%clk 00:17:31]} {[%emt 00:05:58]} Bd7 {[%clk 00:35:55]} {[%emt
00:07:44]} 24. Qg4 {[%clk 00:12:25]} {[%emt 00:05:36]} Be6 {[%clk 00:31:13]}
{[%emt 00:05:12]} 25. Qd1 {[%clk 00:05:31]} {[%emt 00:07:24]} Nxe3 {[%clk
00:30:55]} {[%emt 00:00:48]} 26. Nxe3 {[%clk 00:05:51]} {[%emt 00:00:10]} Bxh3
{[%clk 00:31:18]} {[%emt 00:00:07]} 27. Re1 {[%clk 00:06:13]} {[%emt 00:00:07]}
Qe8 {[%clk 00:27:32]} {[%emt 00:04:17]} 28. Qf3 {[%clk 00:05:51]} {[%emt
00:00:52]} Bd7 {[%clk 00:25:20]} {[%emt 00:02:42]} 29. Bc3 {[%clk 00:03:54]}
{[%emt 00:02:28]} Bc6 {[%clk 00:24:56]} {[%emt 00:00:53]} 30. Qg4 {[%clk
00:04:20]} {[%emt 00:00:04]} Qd7 {[%clk 00:23:30]} {[%emt 00:01:55]} 31. Qxd7
{[%clk 00:04:23]} {[%emt 00:00:28]} Bxd7 {[%clk 00:23:55]} {[%emt 00:00:05]}
32. Kg2 {[%clk 00:04:17]} {[%emt 00:00:37]} Bb8 {[%clk 00:23:42]} {[%emt
00:00:41]} 33. b4 {[%clk 00:04:13]} {[%emt 00:00:35]} Rfd8 {[%clk 00:22:45]}
{[%emt 00:01:27]} 34. bxc5 {[%clk 00:03:46]} {[%emt 00:00:59]} Rxc5 {[%clk
00:21:15]} {[%emt 00:01:59]} 35. Bb4 {[%clk 00:03:34]} {[%emt 00:00:42]} Rxc1
{[%clk 00:21:19]} {[%emt 00:00:26]} 36. Rxc1 {[%clk 00:03:59]} {[%emt
00:00:04]} Bb5 {[%clk 00:20:40]} {[%emt 00:01:08]} 37. Be7 {[%clk 00:03:09]}
{[%emt 00:01:21]} Re8 {[%clk 00:20:06]} {[%emt 00:01:03]} 38. Nd5 {[%clk
00:02:21]} {[%emt 00:01:19]} Bxd3 {[%clk 00:18:55]} {[%emt 00:01:42]} 39. f3
{[%clk 00:02:16]} {[%emt 00:00:35]} b5 {[%clk 00:18:57]} {[%emt 00:00:28]} 40.
Bb4 {[%clk 00:01:32]} {[%emt 00:01:15]} e4 {[%clk 00:18:13]} {[%emt 00:01:14]}
41. Ne3 {[%clk 00:00:34]} {[%emt 00:01:28]} exf3+ {[%clk 00:17:51]} {[%emt
00:00:52]} 42. Kxf3 {[%clk 00:29:57]} {[%emt 00:01:07]} Be4+ {[%clk 00:47:56]}
{[%emt 00:00:24]} 43. Ke2 {[%clk 00:29:13]} {[%emt 00:01:15]} Kg8 {[%clk
00:47:25]} {[%emt 00:01:01]} 44. Rd1 {[%clk 00:27:40]} {[%emt 00:02:03]} Bc7
{[%clk 00:46:26]} {[%emt 00:01:28]} 45. Rd7 {[%clk 00:27:36]} {[%emt 00:00:35]}
Bb6 {[%clk 00:46:42]} {[%emt 00:00:14]} 46. Re7 {[%clk 00:27:39]} {[%emt
00:00:26]} Rxe7 {[%clk 00:47:06]} {[%emt 00:00:07]} 47. Bxe7 {[%clk 00:28:02]}
{[%emt 00:00:08]} Kf7 {[%clk 00:47:12]} {[%emt 00:00:24]} 48. Bb4 {[%clk
00:28:14]} {[%emt 00:00:17]} a5 {[%clk 00:47:18]} {[%emt 00:00:25]} 49. Bc3
{[%clk 00:28:27]} {[%emt 00:00:17]} Bc5 {[%clk 00:47:34]} {[%emt 00:00:13]} 50.
Bxa5 {[%clk 00:27:20]} {[%emt 00:01:38]} Bxa3 {[%clk 00:47:56]} {[%emt
00:00:08]} 51. Kd2 {[%clk 00:24:44]} {[%emt 00:03:06]} b4 {[%clk 00:46:59]}
{[%emt 00:01:27]} 52. Nc2 {[%clk 00:24:24]} {[%emt 00:00:50]} Bxc2 {[%clk
00:47:08]} {[%emt 00:00:22]} 53. Kxc2 {[%clk 00:24:51]} {[%emt 00:00:03]} Kg6
{[%clk 00:47:31]} {[%emt 00:00:07]} 54. Bb6 {[%clk 00:24:04]} {[%emt 00:01:16]}
Kf5 {[%clk 00:47:50]} {[%emt 00:00:11]} 55. h3 {[%clk 00:23:22]} {[%emt
00:01:13]} Ke4 {[%clk 00:48:13]} {[%emt 00:00:07]} 56. Bc7 {[%clk 00:21:08]}
{[%emt 00:02:42]} f5 {[%clk 00:48:13]} {[%emt 00:00:31]} 57. Bf4 {[%clk
00:20:33]} {[%emt 00:01:05]} h6 {[%clk 00:48:03]} {[%emt 00:00:40]} 58. h4
{[%clk 00:20:47]} {[%emt 00:00:17]} Kf3 {[%clk 00:48:17]} {[%emt 00:00:16]} 59.
Kb3 {[%clk 00:09:03]} {[%emt 00:12:14]} g5 {[%clk 00:47:47]} {[%emt 00:01:00]}
60. Bxg5 {[%clk 00:06:14]} {[%emt 00:03:19]} hxg5 {[%clk 00:48:02]} {[%emt
00:00:16]} 61. hxg5 {[%clk 00:06:16]} {[%emt 00:00:27]} Bc1 {[%clk 00:48:01]}
{[%emt 00:00:30]} 62. g6 {[%clk 00:06:36]} {[%emt 00:00:11]} Bh6 {[%clk
00:48:23]} {[%emt 00:00:08]} 63. Kxb4 {[%clk 00:06:52]} {[%emt 00:00:14]} Kxg3
{[%clk 00:48:41]} {[%emt 00:00:11]} 64. Kc3 {[%clk 00:07:09]} {[%emt 00:00:13]}
f4 {[%clk 00:49:03]} {[%emt 00:00:08]} 65. Kd2 {[%clk 00:07:09]} {[%emt
00:00:30]} f3+ {[%clk 00:49:19]} {[%emt 00:00:14]} 66. Ke1 {[%clk 00:07:27]}
{[%emt 00:00:11]} Kg2 {[%emt 00:01:41]} 0-1